| 000 | 00344nam a22001457a 4500 | ||
|---|---|---|---|
| 020 | _a0-00-675197-0 | ||
| 082 |
_a823 _bBAN/H |
||
| 100 | _aBANKS, LYNNE REID | ||
| 245 | _aHARRY THE POISONOUS CENTIPEDE | ||
| 260 |
_aLONDON _bCOLLINS CHILDRENS BOOK _c1996 |
||
| 300 | _a160 | ||
| 520 | _aCHILDRENS NOVEL | ||
| 650 | _aENGLISH NOVEL | ||
| 942 | _cBK | ||
| 999 |
_c5723 _d5723 |
||